000 00623nam a2200205 i 4500
001 142680
003 ES-MaACL
005 20260210162441.0
007 t|
008 071009s1905 fr ||||1| fre d
100 1 _aVieil, Pierre.
_9114564
245 1 0 _aSériciculture /
_cpar Pierre Vieil, ... ; introduction par le Dr P. Regnard.
260 _aParis :
_bJ.-B. Baillière et fils,
_c1905.
300 _aXII, 359 p. :
_bil. ;
_c17 cm.
490 1 _aEncyclopédie agricole
650 4 _aSericicultura.
_9136864
830 0 _aEncyclopédie agricole
_9180885
852 _aES-MaACL
_jD-3636
999 _c142680
_d142680